00860nam a2200241Ia 4500003000400000005001700004008004100021020001500062040001800077041000800095082002300103100002900126245005200155250001200207260006700219300003100286650004700317650004400364650003900408942003600447999001900483952011600502OSt20231005112151.0210716s1997 xx 000 0 und d a817366031X cAIMIT LIBRARY aeng a005.1331 21bOUAS aOualline, Steve.9136167 aPractical c++ programming /cBy Steve Oualline. a1st ed. aMumbai :bShroff Publishers and Distributors Pvt Ltd ,c1997. axxiv,557,3p. ;bPBc21 cm. aBasic declarations and expressions9136168 aDecision and control statements9136169 aDebugging and optimization9136170 2ddccBKe1st ed.k005.1331 OUAS c184087d184087 00102ddc40708MCAaAIMITbAIMITd2021-07-16l0o005.1331 OUASpMCA03595r2025-07-21 00:00:00w2021-07-16yBK